Introducción a la termodinámica clasica y estadística
| Main Authors: | , |
|---|---|
| Format: | Section = Libro |
| Language: | Undetermined Spanish |
| Published: |
México
Limusa
1997
|
| Subjects: |
| LEADER | 00537nam a2200193Ia 4500 | ||
|---|---|---|---|
| 008 | 240830s9999 xx 000 0 und d | ||
| 020 | |a 968-18-0623-9 | ||
| 040 | |a CEDOC FIQ-RUSB / 536.7 S669 | ||
| 041 | |a spa | ||
| 082 | |a 536.7 S669 | ||
| 100 | 1 | |a Sonntag, Richard E. | |
| 100 | 1 | |b Gordon J., Van Wylen | |
| 245 | 1 | 0 | |a Introducción a la termodinámica clasica y estadística |
| 260 | |a México |b Limusa |c 1997 | ||
| 300 | |a 789 p. :il | ||
| 650 | 7 | |a TERMODINAMICA (CLASICA, ESTADISTICA) | |
| 942 | |c BK |2 ddc | ||
| 991 | |a TEXTO | ||
| 999 | |c 14184 | ||